Khảo sát thực trạng nguồn nước mặt ở âu thuyền Thọ Quang qua các chỉ tiêu vật lý và hóa học

Tìm hiểu tài liệu về tài nguyên nước. Khảo sát điều kiện thực tế về kỹ thuật, kinh tế, xã hội của khu vực Âu thuyền Thọ Quang. Lấy mẫu nước tại Âu thuyền Thọ Quang để phân tích, đánh giá theo TCVN hiện nay.

Gorde:
Xehetasun bibliografikoak
Egile nagusia: Nguyễn Thị Huyền Loan
Beste egile batzuk: Phạm Thị H (Hướng dẫn)
Formatua: Liburua
Hizkuntza:Vietnamese
Argitaratua: Đà Nẵng Đại học Sư phạm, Đại học Đà Nẵng 2013
Gaiak:
Etiketak: Etiketa erantsi
Etiketarik gabe, Izan zaitez lehena erregistro honi etiketa jartzen!
Thư viện lưu trữ: Mạng thư viện Đại học Đà Nẵng
LEADER 01796nam a2200349 4500
001 000018734
003 15169
005 20140103090132.0
008 131225s2013 viesd
041 |a vie 
082 1 4 |a 628.11  |b NG-L 
100 1 |a Nguyễn Thị Huyền Loan 
245 1 0 |a Khảo sát thực trạng nguồn nước mặt ở âu thuyền Thọ Quang qua các chỉ tiêu vật lý và hóa học  |c Nguyễn Thị Huyền Loan ; Phạm Thị Hà hướng dẫn  |k Khóa luận tốt nghiệp 
260 |a Đà Nẵng  |b Đại học Sư phạm, Đại học Đà Nẵng  |c 2013 
300 |a 51 tr., phụ lục 6 tr.  |b Hình mh.  |c 29 cm.  |e Bản tóm tắt 
500 |a Khóa luận tốt nghiệp đại học. Chuyên ngành: Cử nhân Khoa học quản lý môi trường 
520 |a Tìm hiểu tài liệu về tài nguyên nước. Khảo sát điều kiện thực tế về kỹ thuật, kinh tế, xã hội của khu vực Âu thuyền Thọ Quang. Lấy mẫu nước tại Âu thuyền Thọ Quang để phân tích, đánh giá theo TCVN hiện nay. 
650 0 4 |a Nguồn nước mặt  |v Khóa luận tốt nghiệp  |x Khảo sát  |z Đà Nẵng 
653 |a Khoa Hóa 
653 |a Nguồn nước mặt 
653 |a Âu thuyền Thọ Quang 
700 1 |a Phạm Thị Hà  |e Hướng dẫn 
OWN |a LSP 
AVA |a UDN50  |b LSP  |d 628.11 NG-L  |e available  |t Error 5001 Not defined in file expand_doc_bib_avail.  |f 1  |g 0  |h N  |i 0  |k 1 
999 |a From the UDN01 
AVA |a UDN50  |b LSP  |d 628.11 NG-L  |e available  |t Error 5001 Not defined in file expand_doc_bib_avail.  |f 1  |g 0  |h N  |i 0  |k 1 
TYP |a Monograph 
TYP |a Printed language 
980 |a Mạng thư viện Đại học Đà Nẵng